000 00291 a2200121 4500
001 147111
040 _cEscola São Tomás de Aquino
100 _aBELINKY, Tatiana
240 1 0 _aHistória de fantasma
_lpor
245 1 0 _aHistória de fantasma
697 _a*LITERATURA INFANTIL
942 _cBK
999 _c147111
_d147111